000
00376nam a2200145Ia 4500
008
100122s9999 xx 000 0 und d
082
_b
65979
_a
823.08
100
_a
संत प्रकाश
245
_a
झुंबर
260
_b
मौज प्रकाशन
_c
2004
300
_a
151
630
_a
झुंबर
730
_a
झुंबर
942
_c
BOOK
999
_c
438751
_d
438748